000 00575nam a22001937a 4500
003 LK-CoDNM
005 20250131152214.0
008 250129b |||||||| |||| 00| 0 eng d
040 _aLK-CoDNM
_dLK-CoDNM
_eLK-CoDNM
041 _aeng
080 _a13
_bO21
100 _aMontessori, Maria
_vGeorge, Anne, E.
245 _aThe Montessori Method
246 _aScientific Pedagogy as Applied to Child Education in "the Children's Houses"
260 _aLondon
_bWilliam Henemann
_c1920
300 _axiv, 379p : ill ; 21 cm
650 _aMontessori Teachings
942 _cBK
999 _c237661
_d237661